Courants Littéraires - Statistiques

Statistiques générales
  • Ce quiz a été pris 150 fois
  • Le résultat moyen est 7 sur 14
Statistiques - réponses
Réponse % Correct
Romantisme
89%
Classicisme
72%
Réalisme
72%
Baroque
66%
Naturalisme
64%
Surréalisme
59%
Humanisme
57%
Les Lumières
46%
Pléiade
45%
Absurde
41%
Symbolisme
41%
Le nouveau Roman
33%
Parnasse
31%
Dada
28%
Aucun quiz correspondant
Distribution des résultats
% des personnes avec chaque résultat
Percentile par nombre de réponses
Votre historique - résultats
Vous n’avez pas pris ce quiz